000 00924nmc a2200313 a 4500
003 AR-BaBNM
005 20251128202828.0
008 136019s1962 ||||||||||||||000 | spa||
040 _cAR-BaBNM
100 1 _aVega, Carlos
_d1898-1966
245 1 0 _aDanzas argentinas
260 _aBuenos Aires
_bEdiciones Culturales Argentinas
_c1962
300 0 _a100 p.
_bil., láms., partituras
490 0 _aBiblioteca del Sesquicentenario. Cuadernos
504 _aContiene fuentes y bibliografía en p. 106
650 4 _aMUSICA FOLKLORICA
650 4 _aCANCIONES FOLKLORICAS
650 4 _aCOSTUMBRES Y TRADICIONES
650 4 _aCULTURAS POPULARES
650 4 _aESTUDIOS CULTURALES
650 4 _aTRADICION ORAL
650 4 _aMUSICA POPULAR
650 4 _aCOREOGRAFIA
650 4 _aVESTUARIO
700 1 _aPietro, Aurora de
_eilustrador
800 1 _aGonzález, Héctor Blas
_edirector
942 _cBK
998 _cisola
999 _c775
_d775